000
00218 a2200109 4500
020
_a
9789706668899
041
_a
spa
100
_a
Twain, Mark
245
_a
Las aventuras de Tom Sawyer
942
_c
BK
999
_c
10305
_d
10305
999
_d
10305